书目信息 |
| 题名: |
非线性振动
|
|
| 作者: | 陈予恕 编著 | |
| 分册: | ||
| 出版信息: | 天津 天津科学技术出版社 1983 |
|
| 页数: | 402页 | |
| 开本: | 21cm | |
| 丛书名: | ||
| 单 册: | ||
| 中图分类: | O322 | |
| 科图分类: | ||
| 主题词: | 非线性振动 | |
| 电子资源: | ||
| ISBN: | ||
| 000 | 00617nam0 2200241 45 | |
| 001 | 0183011730 | |
| 005 | 20040630151034.1 | |
| 010 | @dCNY1.60 | |
| 091 | @a15212.78 | |
| 100 | @a19950316d1983 em y0chiy0121 ea | |
| 101 | 0 | @achi |
| 102 | @aCN@b120000 | |
| 105 | @ay z 000yy | |
| 106 | @ar | |
| 200 | 10 | @a非线性振动@Afei xian xing zhen dong@f陈予恕编著 |
| 210 | @a天津@c天津科学技术出版社@d1983 | |
| 215 | @a402页@d21cm | |
| 606 | @a非线性振动 | |
| 690 | @aO322@v3 | |
| 701 | 0 | @a陈予恕@Achen yu shu@4编著 |
| 801 | 0 | @aCN@b上海图书馆@c20040518 |
| 801 | 2 | @aCN@bNLC@c20040518 |
| 905 | @dO322@e7@f1@b101390 | |
| 非线性振动/陈予恕编著.-天津:天津科学技术出版社,1983 |
| 402页;21cm |
| ISBN :CNY1.60 |
| ● |
| 相关链接 |
|
|
|
|
正题名:非线性振动
索取号:O322/7
 
预约/预借
| 序号 | 登录号 | 条形码 | 馆藏地/架位号 | 状态 | 备注 |
| 1 | 0101390 | 001937925 | 第三借阅区/ [索取号:O322/7] | 在馆 | |
| 2 | 0101391 | 000384131 | 第三借阅区/ [索取号:O322/7] | 在馆 | |
| 3 | 0101392 | 000384140 | 第二样本阅览室/ [索取号:O322/7] | 在馆 |